Online
Catalog

La misteriosa desaparición de la marquesita de Loria / (Record no. 7582)

MARC details
000 -CABECERA
campo de control de longitud fija 00704cam a2200229 a 4500
001 - NÚMERO DE CONTROL
campo de control 000007804
005 - FECHA Y HORA DE LA ÚLTIMA TRANSACCIÓN
campo de control 20200929154313.0
008 - DATOS DE LONGITUD FIJA--INFORMACIÓN GENERAL
campo de control de longitud fija 800619s1980 sp a 000 1 spa d
020 ## - NÚMERO INTERNACIONAL ESTÁNDAR DEL LIBRO
Número Internacional Estándar del Libro 8432203645
040 ## - FUENTE DE LA CATALOGACIÓN
Centro catalogador/agencia de origen DO-SdBNP
Centro/agencia transcriptor DLC
Centro/agencia modificador DLC
082 ## - NÚMERO DE LA CLASIFICACIÓN DECIMAL DEWEY
Número de clasificación Ch863.44
Número de documento/Ítem D687m
100 1# - ENTRADA PRINCIPAL--NOMBRE DE PERSONA
Nombre de persona Donoso, José,
Fechas asociadas al nombre 1924-1996
9 (RLIN) 21513
245 13 - MENCIÓN DE TÍTULO
Título La misteriosa desaparición de la marquesita de Loria /
Mención de responsabilidad, etc. José Donoso.
260 ## - PUBLICACIÓN, DISTRIBUCIÓN, ETC.
Lugar de publicación, distribución, etc. Barcelona :
Nombre del editor, distribuidor, etc. Seix Barral,
Fecha de publicación, distribución, etc. 1980.
300 ## - DESCRIPCIÓN FÍSICA
Extensión 198 p. :
Otras características físicas il. ;
Dimensiones 20 cm.
490 1# - MENCIÓN DE SERIE
Mención de serie Biblioteca Breve ;
Designación de volumen o secuencia 459
650 #4 - PUNTO DE ACCESO ADICIONAL DE MATERIA--TÉRMINO DE MATERIA
Término de materia o nombre geográfico como elemento de entrada Novela chilena
9 (RLIN) 3163
650 #4 - PUNTO DE ACCESO ADICIONAL DE MATERIA--TÉRMINO DE MATERIA
Término de materia o nombre geográfico como elemento de entrada Literatura chilena
9 (RLIN) 3164
830 #0 - PUNTO DE ACCESO ADICIONAL DE SERIE-TÍTULO UNIFORME
Título uniforme Biblioteca Breve ;
Designación de volumen o secuencia 459
9 (RLIN) 13442
910 ## - DATOS DE OPCIÓN DEL USUARIO (OCLC)
Datos de opción del usuario Catalogación derivada / LC
910 ## - DATOS DE OPCIÓN DEL USUARIO (OCLC)
Datos de opción del usuario WM
Holdings
Estado de retiro Estado de pérdida Restricciones de uso No para préstamo Código de colección Localización permanente Ubicación/localización actual Ubicación en estantería Fecha de adquisición Número de inventario Total de préstamos Signatura topográfica completa Código de barras Fecha visto por última vez Precio válido a partir de Tipo de ítem Koha
        Monografías: Libros y Folletos General General Depósito 10.09.2009 LF1   Ch863.44 D687m 7804-10 25.06.2020 25.06.2020 Préstamo en sala

Powered by Koha